| 000 | 00521nam a2200193 a 4500 | ||
|---|---|---|---|
| 005 | 20210219154312.0 | ||
| 008 | 030307s1996 mx r 000 0 spa d | ||
| 020 | _a9500263459 | ||
| 035 | _aUPN01000122632 | ||
| 049 | _aC | ||
| 050 | 4 |
_aML100 _bR6.3 |
|
| 100 | 1 | _aRoldán, Waldemar Axel | |
| 245 | 1 | 0 |
_aDiccionario de música y músicos / _cWaldemar Axel Roldán |
| 260 |
_aBuenos Aires : _bEl Ateneo, _cc1996. |
||
| 300 |
_a471 p. : _bil. |
||
| 650 | 4 |
_aMUSICA - _vDICCIONARIOS |
|
| 902 | _aGPR/GPE | ||
| 905 | _aLibro | ||
| 999 |
_c94817 _d94817 |
||